| 000 | 00689nam a2200205 i 4500 | ||
|---|---|---|---|
| 001 | 166130 | ||
| 003 | ES-MaACL | ||
| 005 | 20260306063017.0 | ||
| 008 | 050908s1876 gw |||| | eng d | ||
| 040 |
_aCAM _bspa _cCAM |
||
| 100 | 1 |
_aTennyson, Alfred Tennyson, _cBaron, _d1809-1892 _9162209 |
|
| 245 | 1 | 0 |
_aQueen Mary _b: a drama / _cby Alfred Tennyson. |
| 260 |
_aLeipzig : _bBernhard Tauchnitz, _c1876. |
||
| 300 |
_a256 p. ; _c16 cm. |
||
| 490 | 1 |
_aCollection of British authors ; _v1570 |
|
| 700 | 1 |
_aTauchnitz, Bernhard. _9162210 |
|
| 830 | 0 |
_aCollection of British authors ; _v1570 _9180703 |
|
| 852 |
_aES-MaACL _jG-12898(1) _z- enc. hol. |
||
| 999 |
_c166130 _d166130 |
||